000 002540000a22000970004500
100 1 _aMaust, John
245 1 0 _aWhen the mission comes home
300 _aVol. 74, Num. 2 (Enero-Febrero, 1994), Página 20
773 0 _tLatin America Evangelist
942 _cANA
999 _c54803
_d54803